[Event "Open Aubagne 2022/2023"]
[Site "Aubagne"]
[Date "2022.11.19"]
[Round "2.30"]
[White "Burnel, Marie-France"]
[Black "Beneddra, Nassim"]
[Result "1/2-1/2"]
[WhiteElo "1032"]
[BlackElo "1141"]
[PlyCount "91"]
[WhiteTeam "Cercle d'Echecs Aubagnais"]
[BlackTeam "Echiquier Marseillais 1872"]

1. c4 c5 2. Nc3 b6 3. Nf3 Bb7 4. g3 e6 5. Bg2 Nf6 6. O-O Be7 7. d4 d6 8. d5 e5
9. e4 Bc8 10. Nh4 Bd7 11. Nf5 Bf8 12. Qe2 Qc8 13. Bg5 Bxf5 14. Bxf6 gxf6 15.
exf5 Qxf5 16. f4 Be7 17. fxe5 Qxe5 18. Qxe5 fxe5 19. Nb5 Na6 20. b3 f6 21. Rf2
Kd8 22. Raf1 Rf8 23. Bh3 Nc7 24. Nxc7 Kxc7 25. Be6 a6 26. a4 a5 27. Rf5 Rh8 28.
Rh5 h6 29. Rhf5 Raf8 30. h4 h5 31. Kg2 Rh6 32. Re1 Rfh8 33. Bf7 Kd7 34. Be6+
Ke8 35. Re4 Kf8 36. Re3 Rg6 37. Ref3 Rh7 38. Rf2 Rhg7 39. Rxh5 Rxg3+ 40. Kh2
Ke8 41. Rh8+ Bf8 42. Rxf6 Rg2+ 43. Kh1 Rg1+ 44. Kh2 R1g2+ 45. Kh3 R2g3+ 46. Kh2
1/2-1/2

[Event "Open Aubagne 2022/2023"]
[Site "Aubagne"]
[Date "2022.12.03"]
[Round "3.1"]
[White "Tramarin, Matteo"]
[Black "Madi, Chahinez"]
[Result "1-0"]
[WhiteElo "1671"]
[BlackElo "1466"]
[PlyCount "72"]
[WhiteTeam "Cercle d'Echecs Aubagnais"]
[BlackTeam "Cercle d'Echecs Aubagnais"]

1. c4 Nf6 2. Nc3 g6 3. g3 Bg7 4. Bg2 d6 5. b4 O-O 6. Rb1 e5 7. a4 Nc6 8. Ba3
Bf5 9. d3 Rb8 10. e3 Re8 11. Nge2 Qd7 12. h3 Be6 13. Nd5 Ne7 14. Nxf6+ Bxf6 15.
Nc3 c6 16. Ne4 Bg7 17. b5 d5 18. Nc5 Qd6 19. O-O dxc4 20. Nxe6 Qxe6 21. dxc4
cxb5 22. cxb5 Red8 23. Qe2 Nd5 24. Rbc1 e4 25. Qc4 Re8 26. Rfd1 Rbd8 27. Bc5 b6
28. Bd4 Rc8 29. Qb3 Bxd4 30. Rxc8 Rxc8 31. Rxd4 Rc1+ 32. Kh2 Qf6 33. Qxd5 Qxf2
34. Rd1 Rc2 35. Qxe4 Qe2 36. Rd7 Qf1 1-0

[Event "Open Aubagne 2022/2023"]
[Site "Aubagne"]
[Date "2022.12.03"]
[Round "3.2"]
[White "Gamblin, Vincent"]
[Black "Battaglia, Gerard"]
[Result "1/2-1/2"]
[WhiteElo "1438"]
[BlackElo "1666"]
[PlyCount "90"]
[WhiteTeam "L'Echiquier du Roy René"]
[BlackTeam "Echiquier Marseillais 1872"]

1. e4 e5 2. c4 Nf6 3. Nc3 Bb4 4. Nd5 Nxd5 5. cxd5 O-O 6. Nf3 d6 7. a3 Ba5 8. b4
Bb6 9. Bb2 Bg4 10. Be2 Nd7 11. d4 Bxf3 12. Bxf3 a5 13. O-O axb4 14. axb4 Qe7
15. Qd3 exd4 16. Bxd4 Ne5 17. Qe3 Qf6 18. Rxa8 Bxd4 19. Rxf8+ Kxf8 20. Qe2 Ng6
21. g3 Ne5 22. Bg2 g6 23. Kh1 h5 24. f4 Ng4 25. Bh3 Bc3 26. Bxg4 hxg4 27. Qxg4
Qd4 28. Qf3 Bxb4 29. Rd1 Qf6 30. Qb3 Bc5 31. Qxb7 Qe7 32. Qb8+ Kg7 33. Qb2+ f6
34. Re1 Qf7 35. g4 Kh7 36. Qg2 Bb6 37. Ra1 Qe8 38. Rf1 Kg7 39. h4 Bd4 40. Rd1
Qa4 41. Qd2 Be3 42. Qe2 Qxe4+ 43. Qg2 Qxf4 44. Rf1 Qh6 45. h5 Bd4 1/2-1/2

[Event "Open Aubagne 2022/2023"]
[Site "Aubagne"]
[Date "2022.12.03"]
[Round "3.3"]
[White "Cescon, Moreno"]
[Black "Espanet, Fabien"]
[Result "1/2-1/2"]
[WhiteElo "1620"]
[BlackElo "1468"]
[PlyCount "105"]
[WhiteTeam "Club d'Echecs Pennois (CEP)"]
[BlackTeam "Cercle d'Echecs Aubagnais"]

1. e4 e5 2. Nf3 Nf6 3. Nc3 Nc6 4. Bb5 Nd4 5. O-O c6 6. Ba4 b5 7. Bb3 Nxb3 8.
axb3 d6 9. d4 b4 10. Na4 Nxe4 11. dxe5 d5 12. Nd2 Nxd2 13. Bxd2 Be7 14. f4 Bf5
15. Qe1 a5 16. c3 Rb8 17. cxb4 Bxb4 18. Rc1 Qc8 19. Bxb4 Rxb4 20. Qc3 O-O 21.
Qxc6 Qxc6 22. Rxc6 Rxb3 23. Rc5 Be4 24. Rxa5 Rc8 25. Nc5 Rxb2 26. Nxe4 dxe4 27.
Rf2 Rb1+ 28. Rf1 Rb2 29. f5 h5 30. e6 Rcc2 31. exf7+ Kxf7 32. Ra7+ Kf6 33. Ra6+
Kf7 34. Rg6 e3 35. h3 Rf2 36. Rxf2 Rxf2 37. g4 Rf4 38. Re6 hxg4 39. Rxe3 gxh3
40. Re5 Kf6 41. Ra5 Rxf5 42. Ra6+ Kg5 43. Kh2 Rf3 44. Ra5+ Kg4 45. Ra4+ Rf4 46.
Ra3 Rf2+ 47. Kg1 Rg2+ 48. Kh1 g5 49. Ra4+ Kh5 50. Rh4+ Kg6 51. Rxh3 Ra2 52. Rb3
g4 53. Rb5 1/2-1/2

[Event "Open Aubagne 2022/2023"]
[Site "Aubagne"]
[Date "2022.12.03"]
[Round "3.4"]
[White "Richard, Anthony"]
[Black "Mouhieddine, Hocine"]
[Result "1-0"]
[WhiteElo "1381"]
[BlackElo "1620"]
[PlyCount "133"]
[WhiteTeam "L'Echiquier du Roy René"]
[BlackTeam "Echiquier Marseillais 1872"]

1. c4 e5 2. Nc3 Nf6 3. Nf3 d6 4. g3 Be7 5. Bg2 O-O 6. O-O Nc6 7. a3 Be6 8. d3
h6 9. Qc2 d5 10. cxd5 Nxd5 11. Nxd5 Bxd5 12. Be3 f5 13. Qc3 Bf6 14. Qc2 Re8 15.
Nd2 Bxg2 16. Kxg2 Qd5+ 17. f3 f4 18. Bf2 Qd7 19. Ne4 Be7 20. Rac1 h5 21. Qb3+
Kh8 22. Qxb7 Nd4 23. Bxd4 Qxd4 24. Rc4 Qe3 25. Nc3 Bd6 26. b4 fxg3 27. hxg3 a5
28. Qe4 Qg5 29. bxa5 Rxa5 30. Ra4 Rc5 31. Ra8 Rxa8 32. Qxa8+ Kh7 33. Ne4 Qe3
34. Nxc5 Bxc5 35. Qe4+ Qxe4 36. fxe4 Bxa3 37. Rf5 Bb2 38. Rxh5+ Kg6 39. Rh8 Ba3
40. Kf3 Kg5 41. e3 g6 42. Rd8 c5 43. Rd5 Kf6 44. Kg4 Bc1 45. Rxc5 Bxe3 46. Rc6+
Kg7 47. Re6 Bd4 48. Kf3 Kh6 49. g4 Kg5 50. Ke2 Kxg4 51. Rxg6+ Kf4 52. Rf6+ Kg5
53. Rf1 Kg4 54. Kd1 Be3 55. Kc2 Bf4 56. Kd1 Kg3 57. Ke2 Kg2 58. Rb1 Kg3 59. Rb8
Kg4 60. Rg8+ Bg5 61. d4 exd4 62. Kd3 Kf4 63. Rxg5 Kxg5 64. Kxd4 Kf6 65. Kd5 Kf7
66. Kd6 Ke8 67. Ke6 1-0

[Event "Open Aubagne 2022/2023"]
[Site "Aubagne"]
[Date "2022.12.03"]
[Round "3.5"]
[White "Roche, Alain"]
[Black "Roganova, Maxime"]
[Result "0-1"]
[WhiteElo "1331"]
[BlackElo "1573"]
[PlyCount "72"]
[WhiteTeam "Echiquier Marseillais 1872"]
[BlackTeam "Cercle d'Echecs Aubagnais"]

1. e4 c5 2. Nf3 d6 3. c3 Nf6 4. Qc2 e5 5. Bc4 Be7 6. d3 O-O 7. Be3 Nc6 8. Nbd2
a6 9. a3 Rb8 10. h4 d5 11. exd5 Nxd5 12. Bg5 f6 13. Be3 Kh8 14. h5 Nxe3 15.
fxe3 b5 16. Ba2 b4 17. Nh4 h6 18. Ng6+ Kh7 19. d4 f5 20. d5 Na5 21. axb4 cxb4
22. O-O-O bxc3 23. Qxc3 Rf6 24. Nxe7 Bd7 25. d6 Rxd6 26. Bg8+ Kh8 27. Nc4 Rxd1+
28. Rxd1 Nxc4 29. Qxc4 Qxe7 30. Qd5 Ba4 31. Rd2 Rxg8 32. Qa5 Bb5 33. Qb6 Rc8+
34. Kb1 Qc7 35. Qxc7 Rxc7 36. Rd8+ Kh7 0-1

[Event "Open Aubagne 2022/2023"]
[Site "Aubagne"]
[Date "2022.12.03"]
[Round "3.6"]
[White "Ghazarian, David"]
[Black "Benezra, David"]
[Result "1-0"]
[WhiteElo "1575"]
[BlackElo "1380"]
[PlyCount "73"]
[WhiteTeam "Cercle d'Echecs Aubagnais"]
[BlackTeam "L'Echiquier du Roy René"]

1. b3 Nf6 2. Bb2 g6 3. Nf3 Bg7 4. e3 O-O 5. c4 d6 6. Na3 e5 7. d3 Nc6 8. Nc2
Nh5 9. Rb1 f5 10. Be2 Nf6 11. O-O h6 12. h3 g5 13. Nh2 Qe8 14. d4 h5 15. d5 Ne7
16. f3 g4 17. fxg4 hxg4 18. hxg4 fxg4 19. Nxg4 Ne4 20. Nh2 Qg6 21. Rxf8+ Bxf8
22. Bh5 Qf5 23. Qf3 Bh6 24. g4 Qxf3 25. Nxf3 Bd7 26. Kg2 Kg7 27. Nxe5 dxe5 28.
Bxe5+ Kh7 29. Bxc7 Ng6 30. Rf1 Rg8 31. Nd4 Bxe3 32. Ne6 Be8 33. Bxg6+ Bxg6 34.
Rh1+ Bh6 35. g5 Nxg5 36. Nxg5+ Kg7 37. Be5+ 1-0

[Event "Open Aubagne 2022/2023"]
[Site "Aubagne"]
[Date "2022.12.03"]
[Round "3.7"]
[White "Touaoula, Rachid"]
[Black "Lai, Bjorn"]
[Result "1-0"]
[WhiteElo "1264"]
[BlackElo "1375"]
[PlyCount "133"]
[WhiteTeam "Echiquier Marseillais 1872"]
[BlackTeam "Club Provence Echecs"]

1. Nf3 Nf6 2. c4 g6 3. b3 Bg7 4. Bb2 d6 5. d4 O-O 6. e3 c6 7. Be2 Nbd7 8. O-O
Qc7 9. Qc2 e5 10. Nbd2 Re8 11. Rac1 exd4 12. Bxd4 Nc5 13. Qb2 Qd8 14. Rfd1 Bf5
15. Ne1 h6 16. Nf1 Ne6 17. Bc3 g5 18. Ng3 Bg6 19. Bd3 Bxd3 20. Rxd3 Nc5 21.
Rdd1 h5 22. Nf5 Nce4 23. Nxg7 Kxg7 24. Bd4 c5 25. Bxf6+ Nxf6 26. Nf3 Kh6 27.
Rd3 Qe7 28. Rcd1 Rad8 29. Nd2 d5 30. cxd5 Nxd5 31. Nc4 Nb4 32. Rd6+ Rxd6 33.
Rxd6+ Kh7 34. a3 Nc6 35. Qc2+ Kg7 36. Qc3+ f6 37. Qd3 Ne5 38. Nxe5 Qxe5 39. Qd1
Kg6 40. Rd5 Qe7 41. Qd3+ Kh6 42. h3 Qf8 43. Rd7 Re7 44. Rd5 Re8 45. h4 Re5 46.
Rd7 Re7 47. hxg5+ Kxg5 48. Rd5+ Kh6 49. Qf5 Qf7 50. Rxc5 Rd7 51. Qf4+ Kg7 52.
Qg3+ Qg6 53. Rc7 Rxc7 54. Qxc7+ Kh6 55. Qxb7 h4 56. Qb4 Qg5 57. Qf4 Qxf4 58.
exf4 Kg6 59. Kh2 Kf5 60. g3 Kg4 61. b4 h3 62. b5 f5 63. a4 Kf3 64. a5 Kg4 65.
b6 axb6 66. axb6 Kf3 67. b7 1-0

[Event "Open Aubagne 2022/2023"]
[Site "Aubagne"]
[Date "2022.12.03"]
[Round "3.8"]
[White "Cavanihac, Claude"]
[Black "Madi, Mohammed"]
[Result "0-1"]
[WhiteElo "1346"]
[BlackElo "1284"]
[PlyCount "106"]
[WhiteTeam "Cercle d'Echecs Aubagnais"]
[BlackTeam "Cercle d'Echecs Aubagnais"]

1. d4 Nf6 2. c4 g6 3. Nc3 Bg7 4. e4 d6 5. Bd3 O-O 6. h3 Nbd7 7. f4 e5 8. d5 a5
9. Nf3 Re8 10. fxe5 Nxe5 11. Nxe5 Rxe5 12. O-O Qe8 13. Qe2 Nh5 14. Qf3 Re7 15.
g4 Bd4+ 16. Kg2 Ng7 17. Nb5 Be5 18. Rb1 c6 19. Na3 h5 20. Bf4 hxg4 21. hxg4 Qd7
22. Be2 Ne8 23. Rh1 Bg7 24. Bg5 Re5 25. Be3 c5 26. Rh4 Nf6 27. Bd3 Nxg4 28. Bf4
Re8 29. Bc2 Nf6 30. Nb5 Bf8 31. Rbh1 Nh5 32. Rxh5 gxh5 33. Rxh5 Ra6 34. Qg3+
Bg7 35. Bh6 f6 36. Rh4 Kf8 37. Bf4 f5 38. Bxd6+ Kf7 39. exf5 Re2+ 40. Kf1 Rxc2
41. Qg6+ Kg8 42. Qh7+ Kf7 43. Rf4 Rc1+ 44. Kf2 Rxd6 45. Nxd6+ Qxd6 46. Qh5+ Kf8
47. Re4 Bd4+ 48. Kf3 Rf1+ 49. Ke2 Rf2+ 50. Ke1 Bd7 51. Qh4 Rxf5 52. Qd8+ Kf7
53. Qh4 Bf2+ 0-1

[Event "Open Aubagne 2022/2023"]
[Site "Aubagne"]
[Date "2022.12.03"]
[Round "3.9"]
[White "Hovaguimian, Gerard"]
[Black "Hassaine, Rachid"]
[Result "0-1"]
[WhiteElo "1199"]
[BlackElo "1374"]
[PlyCount "116"]
[WhiteTeam "Hay Chess"]
[BlackTeam "Cercle d'Echecs Aubagnais"]

1. d4 d5 2. c4 c6 3. Nc3 e6 4. Nf3 Bd6 5. e3 Nf6 6. Bd3 O-O 7. Qc2 Nbd7 8. c5
Bc7 9. b4 e5 10. dxe5 Nxe5 11. Nxe5 Bxe5 12. f4 Bc7 13. O-O d4 14. Ne4 Nd5 15.
Ng5 h6 16. Nf3 dxe3 17. a3 Nxf4 18. Bc4 Qe7 19. Be2 Bg4 20. Bb2 Bxf3 21. Rxf3
Qg5 22. g3 Rad8 23. h4 Nxe2+ 24. Qxe2 Qg4 25. Rxe3 Qxe2 26. Rxe2 Rd3 27. g4
Rfd8 28. Ra2 Rg3+ 29. Kf1 Rxg4 30. Be5 Bxe5 31. Rxe5 Rxh4 32. Re3 Rd1+ 33. Ke2
Rh2+ 34. Kxd1 Rxa2 35. Ke1 Kf8 36. Kf1 b6 37. cxb6 axb6 38. Ke1 c5 39. bxc5
bxc5 40. Kd1 c4 41. Kc1 g5 42. Kb1 Rd2 43. a4 f5 44. a5 Rd7 45. Kc2 Rc7 46. Kc3
f4 47. Re4 f3 48. Re1 g4 49. a6 Ra7 50. Kxc4 Rxa6 51. Kd3 Ra2 52. Rf1 Kg7 53.
Ke3 h5 54. Kf4 Kg6 55. Rh1 Ra4+ 56. Kg3 Kg5 57. Rf1 h4+ 58. Kh2 Ra2+ 0-1

[Event "Open Aubagne 2022/2023"]
[Site "Aubagne"]
[Date "2022.12.03"]
[Round "3.10"]
[White "Evrard, Nicolas"]
[Black "Nakle-Fambon, Gabriel"]
[Result "0-1"]
[WhiteElo "1310"]
[BlackElo "1199"]
[PlyCount "100"]
[WhiteTeam "Salon Nostradamus"]
[BlackTeam "La Ciotat Echecs (LCE)"]

1. d4 d5 2. Nf3 Nc6 3. Bf4 Nf6 4. h3 e6 5. e3 Bd6 6. Bh2 O-O 7. c3 Re8 8. Bb5
a6 9. Bxc6 bxc6 10. Ne5 c5 11. Ng4 Nxg4 12. hxg4 e5 13. dxe5 Bxe5 14. Bxe5 Rxe5
15. Qd3 g6 16. f3 d4 17. e4 Rb8 18. Qd2 c6 19. Qh6 Re8 20. Qxh7+ Kf8 21. Qh8+
Ke7 22. Qe5+ Be6 23. Qxc5+ Qd6 24. Qxd6+ Kxd6 25. b3 c5 26. O-O f5 27. cxd4
cxd4 28. Nd2 fxg4 29. f4 Rf8 30. g3 Rbc8 31. Rac1 Rxc1 32. Rxc1 Rc8 33. Rxc8
Bxc8 34. Nc4+ Kc5 35. Kf2 Kb4 36. Ke2 Kc3 37. Ne5 Bb7 38. Nxg6 Bxe4 39. Ne5
Bf3+ 40. Nxf3 gxf3+ 41. Kxf3 d3 42. Kg4 d2 43. Kg5 d1=Q 44. g4 Qd5+ 45. f5 Qf7
46. f6 Kd4 47. Kf5 Kd5 48. g5 Qh7+ 49. Kf4 Qe4+ 50. Kg3 Ke6 0-1

[Event "Open Aubagne 2022/2023"]
[Site "Aubagne"]
[Date "2022.12.03"]
[Round "3.11"]
[White "Cotton, Paul"]
[Black "Vrillet, Loan"]
[Result "0-1"]
[WhiteElo "1308"]
[BlackElo "1199"]
[PlyCount "70"]
[WhiteTeam "Cercle d'Echecs Aubagnais"]
[BlackTeam "Cercle d'Echecs Aubagnais"]

1. c4 e5 2. d3 Nf6 3. Nc3 Nc6 4. Nf3 Be7 5. g3 d6 6. Bg2 h6 7. O-O Be6 8. h3
Qd7 9. Kh2 g5 10. Nd2 h5 11. Nde4 g4 12. h4 Nxe4 13. Nxe4 Rg8 14. Bg5 f5 15.
Bxe7 fxe4 16. Bg5 exd3 17. Qxd3 Qf7 18. b3 Bf5 19. Qc3 Kd7 20. e3 Qg6 21. Rad1
Rae8 22. Bd5 Rgf8 23. Rd2 Kc8 24. Re1 Be4 25. Rc1 Rf3 26. b4 Ref8 27. Kg1 Nd4
28. c5 Rxg3+ 29. fxg3 Nf3+ 30. Kh1 Nxd2+ 31. Kg1 Nf3+ 32. Kh1 Nxg5+ 33. Bxe4
Qxe4+ 34. Kg1 Nh3+ 35. Kh2 Rf2# 0-1

[Event "Open Aubagne 2022/2023"]
[Site "Aubagne"]
[Date "2022.12.03"]
[Round "3.12"]
[White "Madi, Walid"]
[Black "Rescanieres, Alice"]
[Result "1-0"]
[WhiteElo "1199"]
[BlackElo "1305"]
[PlyCount "67"]
[WhiteTeam "Cercle d'Echecs Aubagnais"]
[BlackTeam "Cassis Echecs"]

1. d4 Nf6 2. c4 d6 3. Nc3 g6 4. e4 Bg7 5. Be2 O-O 6. Nf3 Nbd7 7. O-O Ne8 8. Be3
e5 9. d5 f5 10. exf5 gxf5 11. Ng5 Ndf6 12. f4 h6 13. Nf3 Nd7 14. Qd2 h5 15.
fxe5 dxe5 16. Bg5 Nef6 17. Nb5 a6 18. Nc3 Kh8 19. Nh4 Rg8 20. Nxf5 Bf8 21. Bxh5
Bc5+ 22. Kh1 Qf8 23. Nh4 Qg7 24. Bg6 Qe7 25. Bxf6+ Nxf6 26. Rxf6 Rg7 27. Raf1
Bd7 28. Qh6+ Kg8 29. Rf7 Rxf7 30. Rxf7 Qxf7 31. Bxf7+ Kxf7 32. Qg6+ Ke7 33.
Qg7+ Kd6 34. Nf5+ 1-0

[Event "Open Aubagne 2022/2023"]
[Site "Aubagne"]
[Date "2022.12.03"]
[Round "3.13"]
[White "Pouliquen, Gilbert"]
[Black "Roman, Sylvian"]
[Result "1/2-1/2"]
[WhiteElo "1193"]
[BlackElo "1285"]
[PlyCount "68"]
[WhiteTeam "Echiquier Marseillais 1872"]
[BlackTeam "Cercle d'Echecs Aubagnais"]

1. d4 d5 2. c4 Nf6 3. Nf3 e6 4. g3 Be7 5. Bg2 O-O 6. O-O c5 7. Nc3 a6 8. cxd5
exd5 9. a4 Nc6 10. b3 b6 11. Ba3 cxd4 12. Bxe7 Qxe7 13. Nxd4 Nxd4 14. Qxd4 Qc5
15. Qxc5 bxc5 16. Nxd5 Nxd5 17. Bxd5 Rb8 18. Rfc1 Bb7 19. Rxc5 Bxd5 20. Rxd5
Rxb3 21. Rad1 g6 22. a5 Kg7 23. Rd6 Ra8 24. Rb6 Ra3 25. Rdd6 Rxa5 26. Rb7 Rb5
27. Rxb5 axb5 28. Rb6 Ra1+ 29. Kg2 Rb1 30. Kf3 b4 31. Ke3 Rb3+ 32. Kd4 Rb2 33.
Kd3 h5 34. h4 Rb3+ 1/2-1/2

[Event "Open Aubagne 2022/2023"]
[Site "Aubagne"]
[Date "2022.12.03"]
[Round "3.14"]
[White "Duconseille, Doriane"]
[Black "Moerenhout, Jean Claude"]
[Result "0-1"]
[WhiteElo "1121"]
[BlackElo "1279"]
[PlyCount "53"]
[WhiteTeam "Echiquier Marseillais 1872"]
[BlackTeam "Cercle d'Echecs Aubagnais"]

1. d4 Nf6 2. Bf4 d5 3. h3 c5 4. e3 Nc6 5. c3 Qb6 6. Qc1 Bf5 7. Nf3 g6 8. Nbd2
Bg7 9. Be2 O-O 10. O-O cxd4 11. exd4 a5 12. a3 a4 13. Rb1 Bxb1 14. Qxb1 Rfe8
15. Re1 Nh5 16. Bh2 e5 17. dxe5 Nxe5 18. Nd4 Bh6 19. Qc2 Bf4 20. N4f3 Nxf3+ 21.
Nxf3 Bxh2+ 22. Nxh2 Re6 23. Qd2 Rae8 24. Nf3 Ng3 25. Qh6 Nxe2+ 26. Rxe2 Rxe2
27. Ng5 0-1

[Event "Open Aubagne 2022/2023"]
[Site "Aubagne"]
[Date "2022.12.03"]
[Round "3.15"]
[White "Roganova, Jeremy"]
[Black "Tramarin, Lucas"]
[Result "1-0"]
[WhiteElo "1182"]
[BlackElo "1245"]
[PlyCount "37"]
[WhiteTeam "Cercle d'Echecs Aubagnais"]
[BlackTeam "Cercle d'Echecs Aubagnais"]

1. e4 c6 2. Nf3 d5 3. Nc3 dxe4 4. Nxe4 Bf5 5. Ng3 Bg6 6. h4 h6 7. Ne5 Bh7 8.
Bc4 e6 9. Qe2 Nf6 10. Nxf7 Qe7 11. Nxh8 Nd5 12. O-O g6 13. Re1 Nf4 14. Qg4 e5
15. Qc8+ Qd8 16. Bf7+ Ke7 17. Rxe5+ Kd6 18. Qxd8+ Kxe5 19. d4# 1-0

[Event "Open Aubagne 2022/2023"]
[Site "Aubagne"]
[Date "2022.12.03"]
[Round "3.17"]
[White "Rocchia, Alex"]
[Black "Ravel, Paul"]
[Result "1-0"]
[WhiteElo "1240"]
[BlackElo "1099"]
[PlyCount "73"]
[WhiteTeam "Cassis Echecs"]
[BlackTeam "La Ciotat Echecs (LCE)"]

1. e4 e5 2. Nf3 Nc6 3. Bc4 Nf6 4. d3 Bc5 5. c3 d6 6. a4 O-O 7. b4 Bb6 8. a5
Nxa5 9. bxa5 Bc5 10. Ba3 Bxa3 11. Rxa3 Bg4 12. Nbd2 d5 13. exd5 Nxd5 14. Qb3
Nf4 15. Nxe5 Be6 16. O-O Re8 17. Ndf3 f6 18. Bxe6+ Nxe6 19. Ng4 f5 20. Nge5 Qd6
21. d4 b6 22. Ng5 h6 23. Nxe6 Rxe6 24. axb6 cxb6 25. Rd1 a5 26. Nf3 Qd7 27. Re1
a4 28. Qxe6+ Qxe6 29. Rxe6 b5 30. g3 b4 31. cxb4 Kf7 32. Re1 g5 33. Rb1 g4 34.
Ne1 Ke6 35. b5 Kd5 36. Nc2 Kc4 37. b6 1-0

[Event "Open Aubagne 2022/2023"]
[Site "Aubagne"]
[Date "2022.12.03"]
[Round "3.18"]
[White "Gregot, Adrien"]
[Black "Normand, Christophe"]
[Result "0-1"]
[WhiteElo "1099"]
[BlackElo "1237"]
[PlyCount "56"]
[WhiteTeam "La Ciotat Echecs (LCE)"]
[BlackTeam "Club d'Echecs Pennois (CEP)"]

1. e4 d5 2. Nf3 dxe4 3. Ng5 Nf6 4. Nc3 Bf5 5. Bc4 e6 6. O-O h6 7. Nh3 Bxh3 8.
gxh3 a6 9. Re1 Bd6 10. Qe2 O-O 11. Nxe4 Nxe4 12. Qxe4 Nc6 13. d3 Re8 14. Qg2
Kh8 15. b3 b5 16. Qxc6 bxc4 17. Qxc4 Qf6 18. Rb1 a5 19. Bb2 e5 20. d4 e4 21. d5
Qf4 22. Qd4 Qxh2+ 23. Kf1 Qxh3+ 24. Ke2 Qf3+ 25. Kd2 Bf4+ 26. Re3 Qxf2+ 27. Kc3
Be5 28. Kc4 Bxd4 0-1

[Event "Open Aubagne 2022/2023"]
[Site "Aubagne"]
[Date "2022.12.03"]
[Round "3.19"]
[White "Maggio, Lucas"]
[Black "Lopez, Marcel"]
[Result "1-0"]
[WhiteElo "1216"]
[BlackElo "1059"]
[PlyCount "65"]
[WhiteTeam "Cercle d'Echecs Aubagnais"]
[BlackTeam "Cassis Echecs"]

1. c4 b6 2. Nc3 Bb7 3. d4 g6 4. e4 Bg7 5. Be2 Nf6 6. f3 c6 7. e5 Ng8 8. Bf4 e6
9. Ne4 Bf8 10. Bg5 Qc7 11. Nf6+ Nxf6 12. Bxf6 Rg8 13. Nh3 h6 14. O-O Bg7 15.
Bxg7 Rxg7 16. Nf2 c5 17. Ng4 cxd4 18. Qxd4 Nc6 19. Qf4 g5 20. Qf6 Rg6 21. Qh8+
Ke7 22. Qh7 Nxe5 23. Nxh6 Rf8 24. f4 Qc5+ 25. Kh1 Bxg2+ 26. Kxg2 gxf4+ 27. Kh3
Qe3+ 28. Bf3 Nxf3 29. Nf5+ exf5 30. Qh5 Ng5+ 31. Kg2 f3+ 32. Kh1 Qe4 33. Rae1
1-0

[Event "Open Aubagne 2022/2023"]
[Site "Aubagne"]
[Date "2022.12.03"]
[Round "3.21"]
[White "Leonti, Denis"]
[Black "Periale, Francine"]
[Result "1-0"]
[WhiteElo "1176"]
[BlackElo "1002"]
[PlyCount "68"]
[WhiteTeam "Hay Chess"]
[BlackTeam "Cercle d'Echecs Aubagnais"]

1. e4 c6 2. Nf3 e6 3. d4 d5 4. exd5 cxd5 5. Bg5 Ne7 6. Bd3 g6 7. Qd2 Nd7 8. Bh6
Bxh6 9. Qxh6 Nf8 10. Ne5 Ng8 11. Qg7 Qf6 12. Bb5+ Bd7 13. Bxd7+ Nxd7 14. Qxf6
Ndxf6 15. Nc3 a6 16. O-O Rd8 17. Na4 Rb8 18. Nc5 Rd8 19. Nxb7 Rb8 20. Nd6+ Ke7
21. Nc6+ Kxd6 22. Nxb8 Nd7 23. Nxd7 Kxd7 24. f3 Nf6 25. Kf2 h5 26. b3 Re8 27.
Rfe1 Kd6 28. Rac1 g5 29. c4 dxc4 30. bxc4 Rc8 31. Rc2 Nd7 32. Rec1 Nb6 33. c5+
Kc6 34. cxb6+ Kxb6 1-0

[Event "Open Aubagne 2022/2023"]
[Site "Aubagne"]
[Date "2022.12.03"]
[Round "3.23"]
[White "Innocenti, Georges"]
[Black "Burnel, Marie-France"]
[Result "1-0"]
[WhiteElo "1064"]
[BlackElo "1013"]
[PlyCount "95"]
[WhiteTeam "Cercle d'Echecs Aubagnais"]
[BlackTeam "Cercle d'Echecs Aubagnais"]

1. e4 e5 2. Nc3 Nc6 3. Bc4 Na5 4. Bd3 d6 5. Nf3 Bd7 6. O-O Nf6 7. b4 Nc6 8. Bc4
h6 9. a3 Qc8 10. d4 g5 11. dxe5 dxe5 12. h3 Bxh3 13. gxh3 Qxh3 14. Nh2 Rg8 15.
Qf3 Qxf3 16. Nxf3 g4 17. Nh2 g3 18. fxg3 Rxg3+ 19. Kh1 Rg6 20. Rg1 Rxg1+ 21.
Kxg1 a6 22. Bd2 Nd4 23. Rc1 b5 24. Bf1 a5 25. Nxb5 Nxb5 26. Bxb5+ Kd8 27. Rd1
Nxe4 28. Bc6 Ra6 29. Be3+ Nd6 30. Bd5 f6 31. b5 Rb6 32. Bxb6 cxb6 33. Bf3 Ke7
34. a4 Ke6 35. Bg4+ f5 36. Bh3 e4 37. Re1 Be7 38. Re2 Bg5 39. Nf3 Bf4 40. Nd4+
Ke5 41. Nxf5 e3 42. Nxe3 Nf5 43. Nxf5+ Kd5 44. Ne7+ Kc5 45. Ng6 Bg3 46. Kg2 h5
47. Re4 Kd5 48. Rh4 1-0

[Event "Open Aubagne 2022/2023"]
[Site "Aubagne"]
[Date "2022.12.03"]
[Round "3.24"]
[White "Roux, Jean-Marie"]
[Black "Belaid, Noa"]
[Result "1/2-1/2"]
[WhiteElo "1277"]
[BlackElo "1120"]
[PlyCount "100"]
[WhiteTeam "L'Echiquier du Roy René"]
[BlackTeam "Cercle d'Echecs Aubagnais"]

1. e4 c5 2. Nf3 d6 3. Nc3 Nc6 4. Bc4 Bg4 5. d3 Nf6 6. Bg5 Nd4 7. h3 Nxf3+ 8.
gxf3 Bh5 9. Qe2 h6 10. Be3 a6 11. O-O-O e5 12. Kb1 Be7 13. a3 b5 14. Ba2 Rb8
15. Rdg1 g5 16. h4 Nd7 17. hxg5 hxg5 18. Nd5 f6 19. Nc3 Nb6 20. Be6 Kf8 21. Bg4
Qe8 22. Qd2 Kg7 23. Ne2 Bxg4 24. fxg4 d5 25. exd5 Nxd5 26. Ng3 Qc6 27. Nf5+ Kf7
28. Rxh8 Rxh8 29. c4 Nxe3 30. Nxe3 Rh1 31. Rxh1 Qxh1+ 32. Ka2 bxc4 33. dxc4 Qe4
34. Qe2 Bf8 35. f3 Qb7 36. Nd5 Qd7 37. Qe4 Kg7 38. Ne3 Kf7 39. Qh7+ Ke8 40.
Qg6+ Qf7 41. Qe4 Qe6 42. Nd5 Kf7 43. Qh7+ Bg7 44. Ne3 Kf8 45. Nf5 Qxc4+ 46. Ka1
Qg8 47. Qg6 Qf7 48. Qh7 Qg8 49. Qg6 Qf7 50. Qh7 Qg8 1/2-1/2

[Event "Open Aubagne 2022/2023"]
[Site "Aubagne"]
[Date "2022.12.03"]
[Round "3.28"]
[White "Peucelle, Richard"]
[Black "Pegon, Claude"]
[Result "0-1"]
[WhiteElo "1199"]
[BlackElo "1058"]
[PlyCount "84"]
[WhiteTeam "Cercle d'Echecs Aubagnais"]
[BlackTeam "Cassis Echecs"]

1. e4 e5 2. Nf3 Nc6 3. Bc4 Nf6 4. Nc3 Na5 5. Bb5 c6 6. Be2 d6 7. a3 g6 8. d4
Be6 9. Bd3 d5 10. Be3 dxe4 11. Nxe4 Nxe4 12. Bxe4 f5 13. Qd3 Bc4 14. Qd2 fxe4
15. Nxe5 Bd6 16. Nxc4 Nxc4 17. Qc3 Nxe3 18. Qxe3 Qe7 19. O-O O-O 20. Rfe1 Rf5
21. Re2 Qh4 22. Kf1 Qxh2 23. Ke1 Qh1+ 24. Kd2 Qxa1 25. Qb3+ Kg7 26. Qxb7+ Kh6
27. Qxa8 Qxb2 28. Qxc6 Qxd4+ 29. Ke1 Bxa3 30. Rxe4 Qxf2+ 31. Kd1 Qf1+ 32. Kd2
Qxg2+ 33. Kd3 Qf3+ 34. Kc4 Rc5+ 35. Kd4 Rxc6 36. Rh4+ Kg7 37. Ke5 Qg3+ 38. Rf4
Bd6+ 39. Kd5 Qxf4 40. Ke6 Qe5+ 41. Kd7 Rc7+ 42. Kd8 Qe7# 0-1

[Event "Open Aubagne 2022/2023"]
[Site "Aubagne"]
[Date "2022.12.03"]
[Round "3.30"]
[White "Leccese, Olia"]
[Black "Turpin, Isabelle"]
[Result "0-1"]
[WhiteElo "1009"]
[BlackElo "1125"]
[PlyCount "48"]
[WhiteTeam "La Ciotat Echecs (LCE)"]
[BlackTeam "Cercle d'Echecs Aubagnais"]

1. e4 d6 2. Nc3 Nf6 3. Nf3 Nc6 4. Be2 g6 5. d3 Bg7 6. O-O O-O 7. Bf4 e5 8. Be3
d5 9. Nxd5 Nxd5 10. exd5 Qxd5 11. Qd2 Re8 12. c4 Qe6 13. Ng5 Qe7 14. Bf3 h6 15.
Ne4 f5 16. Nc3 f4 17. Bxc6 fxe3 18. Qxe3 bxc6 19. d4 Bb7 20. Rae1 Qf6 21. dxe5
Qxe5 22. Qd2 Qg5 23. Qd1 c5 24. Re2 Qxg2# 0-1

[Event "Open Aubagne 2022/2023"]
[Site "Aubagne"]
[Date "2023.01.07"]
[Round "4.1"]
[White "Roganova, Maxime"]
[Black "Tramarin, Matteo"]
[Result "1-0"]
[WhiteElo "1601"]
[BlackElo "1679"]
[PlyCount "137"]
[WhiteTeam "Cercle d'Echecs Aubagnais"]
[BlackTeam "Cercle d'Echecs Aubagnais"]

1. e4 c5 2. d4 cxd4 3. c3 Nf6 4. e5 Ne4 5. Nf3 e6 6. cxd4 d6 7. Nc3 dxe5 8.
Nxe5 Bb4 9. Bd2 Nc6 10. Bb5 Bd7 11. Nxc6 Bxc6 12. Bd3 Nxc3 13. bxc3 Ba5 14. O-O
Qh4 15. d5 Bxd5 16. c4 Bxg2 17. Bxa5 Bxf1 18. Qa4+ Kf8 19. Bxf1 Qd4 20. Rd1
Qg4+ 21. Bg2 b5 22. h3 Qxg2+ 23. Kxg2 bxa4 24. Rd7 Ke8 25. Rc7 h5 26. Bc3 Rh6
27. c5 Rg6+ 28. Kf3 Rd8 29. Ke3 Rd7 30. Rc8+ Ke7 31. c6 Rd1 32. c7 e5 33. Re8+
Kxe8 34. c8=Q+ Rd8 35. Qc5 Re6 36. Bb4 Red6 37. Qxd6 Rxd6 38. Bxd6 f6 39. Ke4
Kf7 40. Bb8 a6 41. Kd5 Kg6 42. Ke6 Kg5 43. Kf7 Kh4 44. Kxg7 Kxh3 45. Kxf6 e4
46. Kg5 Kg2 47. Ba7 Kf3 48. Kxh5 Kf4 49. a3 Kf5 50. Bb6 Kf4 51. Kg6 Ke5 52. Kg5
Kd6 53. Kf5 Kc6 54. Be3 Kd5 55. Ba7 e3 56. fxe3 Kc4 57. e4 Kb3 58. Bc5 Kc4 59.
Bf8 Kb5 60. e5 Kc6 61. Kf6 a5 62. e6 Kc7 63. e7 Kd7 64. Kf7 Kc7 65. e8=Q Kb7
66. Qe6 Ka8 67. Qd7 Kb8 68. Bc5 Ka8 69. Qa7# 1-0